000 00285nam a2200145Ia 4500
100 _aArgerich/Luis
942 _cBK
654 _aPHP4
245 _aProfessional PHP4
260 _bPrentice Hall
_c2002
082 _a5.1
_bARG
300 _a974
546 _aENGLISH
999 _c18242
_d18242